Microcirculation / (Record no. 4443)

000 -LEADER
fixed length control field 00911cam a2200301 i 4500
001 - CONTROL NUMBER
control field 819214
003 - CONTROL NUMBER IDENTIFIER
control field OSt
005 - DATE AND TIME OF LATEST TRANSACTION
control field 20220323103559.0
008 - FIXED-LENGTH DATA ELEMENTS--GENERAL INFORMATION
fixed length control field 761104m19771980mdua b 001 0 eng
010 ## - LIBRARY OF CONGRESS CONTROL NUMBER
LC control number 76053805
020 ## - INTERNATIONAL STANDARD BOOK NUMBER
International Standard Book Number 0839109660 (v. 1)
040 ## - CATALOGING SOURCE
Original cataloging agency DLC
Transcribing agency DLC
Modifying agency DLC
050 00 - LIBRARY OF CONGRESS CALL NUMBER
Classification number QP106.6
Item number .M5
060 ## - NATIONAL LIBRARY OF MEDICINE CALL NUMBER
Classification number WG103 M625
082 00 - DEWEY DECIMAL CLASSIFICATION NUMBER
Classification number 596/.01/1
245 00 - TITLE STATEMENT
Title Microcirculation /
Statement of responsibility, etc. edited by Gabor Kaley and Burton M. Altura.
260 ## - PUBLICATION, DISTRIBUTION, ETC.
Place of publication, distribution, etc. Baltimore :
Name of publisher, distributor, etc. University Park Press,
Date of publication, distribution, etc. c1977-c1980.
300 ## - PHYSICAL DESCRIPTION
Extent 3 v. :
Other physical details ill. ;
Dimensions 24 cm.
500 ## - GENERAL NOTE
General note Dedicated to B. W. Zweifach.
504 ## - BIBLIOGRAPHY, ETC. NOTE
Bibliography, etc. note Includes bibliographies and indexes.
650 #0 - SUBJECT ADDED ENTRY--TOPICAL TERM
Topical term or geographic name entry element Microcirculation.
650 #2 - SUBJECT ADDED ENTRY--TOPICAL TERM
Topical term or geographic name entry element Microcirculation.
700 1# - ADDED ENTRY--PERSONAL NAME
Personal name Kaley, Gabor.
700 1# - ADDED ENTRY--PERSONAL NAME
Personal name Altura, Burton M.
700 1# - ADDED ENTRY--PERSONAL NAME
Personal name Zweifach, Benjamin W.
Fuller form of name (Benjamin William),
Dates associated with a name 1910-
906 ## - LOCAL DATA ELEMENT F, LDF (RLIN)
a 7
b cbc
c orignew
d 1
e ocip
f 19
g y-gencatlg
942 ## - ADDED ENTRY ELEMENTS (KOHA)
Source of classification or shelving scheme
Koha item type Book
Suppress in OPAC CM
Holdings
Withdrawn status Lost status Source of classification or shelving scheme Damaged status Not for loan Permanent Location Current Location Shelving location Date acquired Source of acquisition Total Checkouts Full call number Barcode Date last seen Price effective from Koha item type Public note
          AU LIBRARY AU LIBRARY Open Shelf 23.03.2022 DONATION FROM MOI UNIVERSITY   QP106.6 .M5 1978 28006465 23.03.2022 23.03.2022 Book CM

Powered by Koha